000 00399nam a2200169Ia 4500
008 230524s9999 xx 000 0 und d
020 _a8178088762
082 _a621.381
_bFLO
100 _aThomas L.Floyd
245 0 _aDigital Fundamentals
250 _a8TH
260 _aNEW DELHI
_bPearson
_c2004
300 _aXVII;942
500 _aQuantity Number: 8
650 _aElectronics
942 _cBK
999 _c7600
_d7600